00562nam a2200169Ia 4500008004000000020001600040082001700056100001700073245007400090260004400164300000800208650001100216690001800227906001100245999001700256952011900273210210b1974 xxu||||| |||| 00| 0 eng d a19 560555 1 a822.912 ELIF aELIOT (T S). aFamily reunion: with an introduction and commentary by Nevil Coghill. aDelhi.bOxford University Press.,c1974 a288 aPlay  aEnglish Drama a034682 c85634d85634 00102ddc40708ENGaALbALcSSSd2021-02-17g10.00l0o822.912 ELIFp034682r2021-02-17 00:00:00w2021-02-17yBK